Wszystkie bloki w minecraft(1.21.4) - Statystyki

Ogólne statystyki
  • Ten quiz został rozwiązany 144 razy
    33 od ostatniego zresetowania
  • Średni wynik to 33 z 457
Statystyki odpowiedzi
Pre-Classic % Poprawnych
ziemia
84%
kamień
76%
trawa / krótka trawa
68%
bruk
44%
dębowe deski
44%
blok złota
40%
blok diamentu
36%
blok żelaza
36%
lawa
36%
piasek
36%
woda
36%
obsydian
32%
ruda diamentu
32%
ruda żelaza
32%
blok trawy
28%
brzozowe deski
28%
bedrock
28%
piec
28%
ruda złota
28%
stół rzemieślniczy
28%
żwir
28%
cegły / blok cegieł
24%
dębowe drewno
24%
dębowe liście
24%
dębowy pień
24%
ruda węgla
24%
szkło
24%
brzozowy pień
20%
dębowe drzwi
20%
dębowe schody
20%
mak
20%
ruda szmaragdu
20%
świerkowe deski
20%
andezyt
16%
biała wełna
16%
białe łóżko
16%
blok kwarcu
16%
blok redstone
16%
blok szmaragdu
16%
blok węgla
16%
czarna wełna
16%
czarne łóżko
16%
czerwona wełna
16%
czerwone łóżko
16%
dębowa płyta
16%
dioryt
16%
fioletowa wełna
16%
fioletowe łóżko
16%
granit
16%
jasnoszare łóżko
16%
niebieska wełna
16%
niebieskie łóżko
16%
pochodnia
16%
pomarańczowe łóżko
16%
redstone / drut redstone
16%
różowa wełna
16%
skrzynia
16%
słonecznik
16%
świerkowy pień
16%
szara wełna
16%
wypolerowany andezyt
16%
wypolerowany dioryt
16%
zielona wełna
16%
akacjowy pień
12%
białe szkło
12%
biblioteczka
12%
brzozowe schody
12%
ciemnodębowe deski
12%
czarna szyba
12%
czarne szkło
12%
czerwona szyba
12%
czerwona terakota
12%
czerwone szkło
12%
doniczka
12%
fioletowa szyba
12%
fioletowa terakota
12%
fioletowe szkło
12%
gładki kamień
12%
glina / blok gliny
12%
jasnogłaz
12%
jasnoniebieska wełna
12%
jasnoniebieskie łóżko
12%
jasnoszara wełna
12%
jasnozielona wełna
12%
jasnozielone łóżko
12%
kaktus
12%
kamień endu
12%
karmazynowe łóżko
12%
kowadło
12%
lilia wodna
12%
netherrack
12%
niebieska szyba
12%
niebieska terakota
12%
niebieskie szkło
12%
piaskowiec
12%
pomarańczowa terakota
12%
pomarańczowa wełna
12%
powietrze
12%
pryzmaryn
12%
różowe łóżko
12%
różowe szkło
12%
ruda lazurytu
12%
ruda redstone
12%
śnieg / warstwa śniegu
12%
świerkowe drzwi
12%
świerkowe liście
12%
świerkowe schody
12%
szara szyba
12%
szare łóżko
12%
szare szkło
12%
szyba
12%
tnt
12%
tory
12%
wypolerowany granit
12%
żelazne drzwi
12%
zielona szyba
12%
zielone łóżko
12%
żółta terakota
12%
żółta wełna
12%
żółte łóżko
12%
akacjowe deski
8%
akacjowe drzwi
8%
akacjowe liście
8%
arbuz
8%
bariera
8%
biała szyba
8%
biały dywan
8%
biały tulipan
8%
bielica
8%
blok borowika
8%
blok kości
8%
blok lazurytu
8%
blok muchomora
8%
blok śniegu
8%
borowik
8%
brązowa wełna
8%
brązowe łóżko
8%
brzozowe drewno
8%
brzozowe drzwi
8%
brzozowe liście
8%
ciemnodębowe drzwi
8%
ciemnodębowy pień
8%
czarna terakota
8%
czarny dywan
8%
czerwony dywan
8%
czerwony piaskowiec
8%
dębowa furtka
8%
dębowa płytka naciskowa
8%
dębowa tabliczka
8%
dębowy płot
8%
detektor
8%
dozownik
8%
drabinka
8%
duża paproć
8%
dźwignia
8%
fioletowy dywan
8%
głowa smoka
8%
głowa zombie
8%
jasnoniebieskie szkło
8%
jasnoszara szyba
8%
jasnoszary dywan
8%
kakao
8%
kamienne cegły
8%
karmazynowa wełna
8%
kocioł
8%
kwarcowy filar
8%
latarnia morska
8%
lej
8%
lód
8%
marchewka
8%
margaretka
8%
muchomor
8%
niebieski dywan
8%
paproć
8%
podajnik
8%
pole uprawne
8%
pomarańczowa szyba
8%
pomarańczowy tulipan
8%
portal do endu
8%
różowa szyba
8%
różowy dywan
8%
różowy tulipan
8%
sadzonka brzozy
8%
sadzonka dębu
8%
sadzonka świerku
8%
ścieżka
8%
skrzynia-pułapka
8%
świerkowe drewno
8%
szafa grająca
8%
szara terakota
8%
szary dywan
8%
terakota
8%
tropikalne deski
8%
tropikalne drewno
8%
trzcina cukrowa
8%
trzon grzyba
8%
twarda ziemia
8%
wysoka trawa
8%
zamszony bruk
8%
zbity lód
8%
zborze / pszenica
8%
żelazne kraty
8%
zielone szkło
8%
żółte szkło
8%
akacjowe drewno
4%
biała terakota
4%
błękitna szyba
4%
błękitna terakota
4%
błękitna wełna
4%
błękitne łóżko
4%
błękitne szkło
4%
błękitny dywan
4%
blok magmy
4%
blok poleceń
4%
blok purpuru
4%
blok struktur
4%
blok szlamu
4%
brama endu
4%
brązowa szyba
4%
brązowa terakota
4%
brązowe szkło
4%
brązowy dywan
4%
brukowy murek
4%
ceglana płyta
4%
ceglane schody
4%
ciasto
4%
ciemnodębowa furtka
4%
ciemnodębowe drewno
4%
ciemnodębowy płot
4%
ciemny pryzmaryn
4%
czaszka szkieleta
4%
czerwony piasek
4%
czerwony tulipan
4%
dębowa klapa
4%
dębowy przycisk
4%
detektor światła dziennego
4%
endowe kamienne cegły
4%
endowy słupek
4%
gąbka
4%
gładki piaskowiec
4%
głowa gracza
4%
grzybnia
4%
jasnoniebieska szyba
4%
jasnoniebieska terakota
4%
jasnoniebieski dywan
4%
jasnoszara terakota
4%
jasnoszare szkło
4%
jasnozielona szyba
4%
jasnozielona terakota
4%
jasnozielone szkło
4%
jasnozielony dywan
4%
kamienny przycisk
4%
karmazynowa szyba
4%
karmazynowa terakota
4%
karmazynowe szkło
4%
karmazynowy dywan
4%
komparator redstone
4%
kwarcowa płyta
4%
kwarcowe schody
4%
kwiat refrenusu
4%
latarnia dyniowa / jack'o'lantern
4%
lepki tłok
4%
linka / nić
4%
łodyga refrenusu
4%
magiczna latarnia
4%
mlecz / mniszek lekarski
4%
mokra gąbka
4%
netherowe cegły
4%
netherowy ceglany płot
4%
ogień
4%
pajęczyna
4%
piasek dusz
4%
pnącza
4%
pomarańczowe szkło
4%
pomarańczowy dywan
4%
portal do netheru
4%
pryzmarynowe cegły
4%
przekaźnik redstone
4%
purpurowy filar
4%
rama portalu do endu
4%
różowa terakota
4%
sadzonka akacji
4%
sadzonka ciemnego dębu
4%
shulkerowa skrzynia
4%
skrzynia endu
4%
snop siana
4%
stół do zaklęć
4%
świerkowa furtka
4%
świerkowy płot
4%
tłok
4%
tory aktywacyjne
4%
tory z czujnikiem
4%
tropikalne liście
4%
tropikalne schody
4%
tropikalny pień
4%
uschnięty krzak
4%
zaczep na linkę
4%
zasilane tory
4%
zielona terakota
4%
zielony dywan
4%
żółta szyba
4%
żółty dywan
4%
akacjowa furtka
0%
akacjowa płyta
0%
akacjowe schody
0%
akacjowy płot
0%
bez
0%
biała glazurowana terakota
0%
biała shulkerowa skrzynia
0%
biały cement
0%
biały sztandar
0%
błękitna glazurowana terakota
0%
błękitna shulkerowa skrzynia
0%
błękitny beton
0%
błękitny cement
0%
błękitny sztandar
0%
blok dźwięku
0%
blok netherowych brodawek
0%
brązowa glazurowana terakota
0%
brązowa shulkerowa skrzynia
0%
brązowy beton
0%
brązowy cement
0%
brązowy sztandar
0%
brukowa płyta
0%
brukowe schody
0%
brzozowa furtka
0%
brzozowa płyta
0%
brzozowy płot
0%
ciemnodębowa płyta
0%
ciemnodębowe liście
0%
ciemnodębowe schody
0%
ciężka wagowa płytka naciskowa
0%
czarna glazurowana terakota
0%
czarna shulkerowa skrzynia
0%
czarny beton
0%
czarny cement
0%
czarny sztandar
0%
czaszka witherowego szkieleta
0%
czerwona glazurowana terakota
0%
czerwona piaskowcowa płyta
0%
czerwona shulkerowa skrzynia
0%
czerwone netherowe cegły
0%
czerwone piaskowcowe schody
0%
czerwony beton
0%
czerwony cement
0%
czerwony sztandar
0%
czosnek
0%
biały beton
0%
jasnoszara glazurowana terakota
0%
jasnoszary cement
0%
karmazynowy beton
0%
pomarańczowy beton
0%
fioletowa glazurowana terakota
0%
fioletowa shulkerowa skrzynia
0%
fioletowy beton
0%
fioletowy cement
0%
fioletowy sztandar
0%
gładka kamienna płyta
0%
gładki czerwony piaskowiec
0%
gładki kwarc
0%
głowa creppera
0%
houstonia błękitna
0%
jasnoniebieska glazurowana terakota
0%
jasnoniebieska shulkerowa skrzynia
0%
jasnoniebieski beton
0%
jasnoniebieski cement
0%
jasnoniebieski sztandar
0%
jasnoszara shulkerowa skrzynia
0%
jasnoszary beton
0%
jasnoszary sztandar
0%
jasnozielona glazurowana terakota
0%
jasnozielona shulkerowa skrzynia
0%
jasnozielony beton
0%
jasnozielony cement
0%
jasnozielony sztandar
0%
kamienna ceglana płyta
0%
kamienna płytka naciskowa
0%
kamienne ceglane schody
0%
karmazynowa glazurowana terakota
0%
karmazynowa shulkerowa skrzynia
0%
karmazynowy cement
0%
karmazynowy sztandar
0%
krzew róży
0%
lampa redstone
0%
lekka wagowa płytka naciskowa
0%
netherowa ceglana płyta
0%
netherowa ruda kwarcu
0%
netherowe brodawki
0%
netherowe ceglane schody
0%
niebieska glazurowana terakota
0%
niebieska orchidea
0%
niebieska shulkerowa skrzynia
0%
niebieski beton
0%
niebieski cement
0%
niebieski sztandar
0%
piaskowcowa płyta
0%
piaskowcowe schody
0%
piwonia
0%
pochodnia redstone
0%
pomarańczowa glazurowana terakota
0%
pomarańczowa shulkerowa skrzynia
0%
pomarańczowy cement
0%
pomarańczowy sztandar
0%
popękane kamienne cegły
0%
przycięty czerwony piaskowiec
0%
przycięty piaskowiec
0%
przywoływacz potworów
0%
purpurowa płyta
0%
purpurowe schody
0%
pustka strukturalna
0%
różowa glazurowana terakota
0%
różowa shulkerowa skrzynia
0%
różowy beton
0%
różowy cement
0%
różowy sztandar
0%
rzeźbione kamienne cegły
0%
rzeźbiony blok kwarcu
0%
rzeźbiony czerwony piaskowiec
0%
rzeźbiony piaskowiec
0%
sadzonka tropikalna
0%
skamieniała dębowa płyta
0%
smocze jajo
0%
statyw alchemiczny
0%
świerkowa płyta
0%
szara glazurowana terakota
0%
szara shulkerowa skrzynia
0%
szary beton
0%
szary cement
0%
szary sztandar
0%
tropikalna furtka
0%
tropikalna płyta
0%
tropikalne drzwi
0%
tropikalny płot
0%
uszkodzone kowadło
0%
wykrawana dynia
0%
wyszczerbione kowadło
0%
zamszone kamienne cegły
0%
zamszony brukowy murek
0%
zarobaczone kamienne cegły
0%
zarobaczone popękane kamienne cegły
0%
zarobaczone rzeźbione kamienne cegły
0%
zarobaczone zamszone kamienne cegły
0%
zarobaczony bruk
0%
zarobaczony kamień
0%
żelazna klapa
0%
zielona glazurowana terakota
0%
zielona shulkerowa skrzynia
0%
zielony beton
0%
zielony cement
0%
zielony sztandar
0%
ziemniaki
0%
żółta glazurowana terakota
0%
żółta shulkerowa skrzynia
0%
żółty beton
0%
żółty cement
0%
żółty sztandar
0%
Nie znaleziono quizów pasujących do podanych kryteriów
Rozkład punktacji
Procent ludzi z każdym wynikiem
Percentyl według liczby udzielonych odpowiedzi
Twoja historia wyników
Nie rozwiązałeś tego quizu od ostatniego zresetowania